Fundamental rules and subsidiary rules (Record no. 581)

MARC details
000 -LEADER
fixed length control field 00500cam a2200181ua 4500
008 - FIXED-LENGTH DATA ELEMENTS--GENERAL INFORMATION
fixed length control field 110411n ii |||gr||||Z||||||eng
040 ## - CATALOGING SOURCE
Transcribing agency MAIN
082 ## - DEWEY DECIMAL CLASSIFICATION NUMBER
Classification number 342.030954162
245 1# - TITLE STATEMENT
Title Fundamental rules and subsidiary rules
Statement of responsibility, etc. by Vijay Jumar Dewan
250 ## - EDITION STATEMENT
Edition statement 7th.
260 ## - PUBLICATION, DISTRIBUTION, ETC.
Place of publication, distribution, etc. New Delhi:
Name of publisher, distributor, etc. Orient,997.
300 ## - PHYSICAL DESCRIPTION
Extent xxxviii, 504p.:
Dimensions 30cm.
700 ## - ADDED ENTRY--PERSONAL NAME
Personal name Dewan, Vijay Jumar.,
Relator term
942 ## - ADDED ENTRY ELEMENTS (KOHA)
Koha item type Books
653 ## - INDEX TERM--UNCONTROLLED
Uncontrolled term Political science
653 ## - INDEX TERM--UNCONTROLLED
Uncontrolled term Fundamental rules and subsidiary rules
Holdings
Withdrawn status Lost status Damaged status Not for loan Home library Current library Shelving location Date acquired Total Checkouts Full call number Barcode Date last seen Copy number Price effective from Koha item type
        Central Library, Naharkatiya College Central Library, Naharkatiya College   19/09/2020   342.030954162 | DEW 1105 19/09/2020 1 19/09/2020 Books

Naharkatiya College © 2020. All rights reserved.

Powered By